zpět

Detail výsledku týmu

Pivnice U Badinů, Brno

Datum a čas kvízu

25.5 Celkem bodů Celkový počet nahraných bodů na tomto kvízu bez doplňovacích otázek.
4. Pořadí na kvízu Konečné umístění týmu na tomto kvízu.

Zaznamenané odpovědi

# Otázka Odpověď Body Výsledky
1. Ve středu přidala vláda na čes... Voice of Europe (Hlas Evropy) 1
2. Které dva státy minulý týden v... Bulharsko, Rumunsko 1
3. Minulý týden byly rozdány ceny... David Koller, Pam Rabbit 1
4. V pondělí oznámila síň Heritag... D) rám dveří, na němž se Rose zachránila 1
5. Kterými slovy na KF se nazývá... kolem Flander 0
6. Věříme, že ovládáte velkou pal... Drahá vlasti 1
7. Kalaallit Nunaat, tak zní v mí... Dánsko 1
8. Vyberte zemi, jejíž zkratka ná... C 1
9. Řeka Dunaj díky své délce prot... 1C 2D 3B 4A 0
10. Na snímku z letiště můžete spa... Dublin 0